书目信息 |
| 题名: |
电工电子技术与技能习题册
|
|
| 作者: | 王英 主编 | |
| 分册: | ||
| 出版信息: | 北京 科学出版社 2010 |
|
| 页数: | 170页 | |
| 开本: | 26cm | |
| 丛书名: | ||
| 单 册: | ||
| 中图分类: | TM-44 | |
| 科图分类: | ||
| 主题词: | 电工技术 | |
| 电子资源: | ||
| ISBN: | 978-7-03-028942-1 | |
| 000 | 00632nam0 2200205 450 | |
| 001 | 284 | |
| 005 | 20160905103005.88 | |
| 010 | @a978-7-03-028942-1@dCNY22.00 | |
| 100 | @a20160721d2010 km y0chiy0120 ea | |
| 101 | 0 | @achi |
| 102 | @aCN@b110000 | |
| 200 | 1 | @a电工电子技术与技能习题册@Adian gong dian zi ji shu yu ji neng xi ti ce@e非电类通用@f王英主编@Fwang ying zhu bian |
| 210 | @a北京@c科学出版社@d2010 | |
| 215 | @a170页@d26cm | |
| 517 | 1 | @a非电类通用@Afei dian lei tong yong |
| 606 | 0 | @a电工技术 |
| 690 | @aTM-44@v4 | |
| 701 | 0 | @a王英@Awang ying@4主编 |
| 801 | 0 | @aCN@b唐山师范学院图书馆@c20160721 |
| 905 | @aZUCC@dTM-44@e75 | |
| 电工电子技术与技能习题册:非电类通用/王英主编.-北京:科学出版社,2010 |
| 170页;26cm |
| ISBN 978-7-03-028942-1:CNY22.00 |
| ● |
| 相关链接 |
|
|
|
|
正题名:电工电子技术与技能习题册
索取号:TM-44/75
 
预约/预借
| 序号 | 登录号 | 条形码 | 馆藏地/架位号 | 状态 | 备注 |
| 1 | 901209 | 209012094 | 第二样本阅览室/ [索取号:TM-44/75] | 在馆 | |
| 2 | 901210 | 209012101 | 密集书库-物理学院/ [索取号:TM-44/75] | 在馆 | |
| 3 | 901211 | 209012110 | 第三借阅区/ [索取号:TM-44/75] | 在馆 | |
| 4 | 901212 | 209012129 | 第三借阅区/ [索取号:TM-44/75] | 在馆 | |
| 5 | 901213 | 209012138 | 第三借阅区/ [索取号:TM-44/75] | 在馆 |